000 00930nam a2200229Ii 4500
003 JO-AjNU
008 230605s9999||||xx |||||||||||||| ||und||
017 _a3470/9/2011
020 _a978-9957-068-94-3
040 _aJO-AjNU
_bara
_erda
_cJO-AjNU
041 _aara
050 1 4 _aHG1708.7.K43 2012
100 3 _aالحداد، وسيم محمد وآخرون، م.مشارك شقيري نوري موسى، م.مشارك محمود ابراهيم نور، م.مشارك صالح طاهر الزرقان,
_eauthor
_964017
245 0 0 _aالخدمات المصرفية الالكترونية=Electronics Banking Services
250 _aط1
264 3 1 _aعمان: دار المسيرة للنشر والتوزيع، 2012
300 _a304ص
336 _atext
_btxt
_2rdacontent
337 _aunmediated
_bn
_2rdamedia
338 _avolume
_bnc
_2rdacarrier
650 4 _aالبنوك الالكترونية-الاردن
_964018
999 _aA29067
_c32635
_d32635